| Поле | Инд. | ПП | Название | Значение |
|---|---|---|---|---|
| Тип записи | a | |||
| Библиографический уровень | m | |||
| 001 | Контрольный номер | DU/597931099 | ||
| 005 | Дата корректировки | 20260330094526.7 | ||
| 008 | Кодируемые данные | 20050314 | ||
| 020 | a | ISBN | 978-5-534-07617-2 | |
| 084 | a | Индекс другой классификации/Индекс ББК | 60.55-42я73 | |
| 100 | 1_ | a | Автор | Дорофеева Л. И. |
| q | Полное имя | Дорофеева Любовь Ивановна | ||
| 245 | 10 | a | Заглавие | Организационное поведение |
| b | Продолж. заглавия | учебник и практикум для вузов | ||
| 250 | a | Основные сведения об издании | 2-е изд., испр. и доп. | |
| 260 | a | Место издания | Москва | |
| b | Издательство | Юрайт | ||
| c | Дата издания | 2023 | ||
| 300 | a | Объем | 378 с. | |
| 336 | a | Термин вида содержания | Текст | |
| 337 | a | Термин типа средства | электронный | |
| 440 | _0 | a | Серия | Высшее образование |
| 521 | 0_ | a | Примеч. о целев. назн. | психологи; бакалавриат |
| 650 | 04 | a | Основная рубрика | организационное поведение |
| a | Основная рубрика | социология | ||
| a | Основная рубрика | социология организаций | ||
| 653 | 0_ | a | Ключевые слова | вознаграждение |
| a | Ключевые слова | групповое поведение | ||
| a | Ключевые слова | группы | ||
| a | Ключевые слова | индивидуальное поведение | ||
| a | Ключевые слова | карьера | ||
| a | Ключевые слова | конфликты | ||
| a | Ключевые слова | корпоративная культура | ||
| a | Ключевые слова | лидерство | ||
| a | Ключевые слова | личность | ||
| a | Ключевые слова | межличностная коммуникация | ||
| a | Ключевые слова | мотивация | ||
| a | Ключевые слова | организация | ||
| a | Ключевые слова | организация труда | ||
| a | Ключевые слова | поведение | ||
| a | Ключевые слова | профессионализм | ||
| a | Ключевые слова | самоменеджмент | ||
| a | Ключевые слова | социализация индивида | ||
| a | Ключевые слова | управление карьерой | ||
| a | Ключевые слова | управление поведением | ||
| 655 | a | Жанр/ форма (устаревшее) | учебное пособие | |
| 856 | 40 | a | Имя сервера/домена | ЭБС ЮРАЙТ |
| d | Путь | https://urait.ru | ||
| i | Указания/сценарий входа | Доступ по логину и паролю | ||
| u | URL | https://urait.ru/bcode/512742 | ||
| v | Время доступа к ресурсу | 25.03.2027 | ||
| y | Справочный текст | Электронная версия | ||
| 900 | a | Имя электронного ресурса | obl_Dorofeeva_OP | |
| x | Справочная информация | Обложка | ||
| 900 | x | Справочная информация | Полный текст | |
| 901 | t | Тип документа | 0 | |
| 952 | a | Тип литературы для КСУ ВШ | УИ |